000 00639nam a2200241Ia 4500
003 OSt
005 20220918214352.0
006 a|||||r|||| 00| 0
007 ta
008 220917b |||||||| |||| 00| 0 eng d
024 _a137,086
037 _cTextual
040 _aARTS
_cARTS
_beng
041 _2eng
_aeng
082 _aXM.792, L9
100 _aAxline W Andrew
245 0 _aCaribbean integration
_b the politics of regionalism
260 _aLondon
_bFrances Pinter
_c1979
300 _axx,233p.
_ccm.
650 _aECONOMICS
942 _hXM.792, L9
_cTEXL
_2CC
999 _c260173
_d260173